Jogadores de Futebol e seus Países - Statistics

Estatísticas Gerais
  • Esse quiz foi jogado 1 734 vezes
  • A pontuação média é 24 de 30
Estatísticas das Respostas
Jogador País % Correto
Mohamed Salah Egito
98%
Robert Lewandowski Polônia
95%
Manuel Neuer Alemanha
94%
Juan Cuadrado Colômbia
94%
João Cancelo Portugal
94%
Gareth Bale País de Gales
93%
Zlatan Ibrahimović Suécia
93%
Romelu Lukaku Bélgica
92%
Mario Balotelli Itália
91%
Emiliano Martínez Argentina
90%
Son Heung-min Coreia do Sul
89%
Giorgian de Arrascaeta Uruguai
89%
Keisuke Honda Japão
85%
Keylor Navas Costa Rica
84%
Dele Alli Inglaterra
83%
Paul Pogba França
82%
Sadio Mané Senegal
82%
Pepe Brasil
79%
Guillermo Ochoa México
79%
Ivan Perišić Croácia
78%
Ferenc Puskás Hungria
77%
Didier Drogba Costa do Marfim
73%
Kasper Schmeichel Dinamarca
72%
Cody Gakpo Holanda
71%
Andriy Shevchenko Ucrânia
70%
Dušan Vlahović Sérvia
68%
Gheorghe Hagi Romênia
52%
Hristo Stoichkov Bulgária
48%
Breel Embolo Camarões
42%
Achraf Hakimi Espanha
41%
Nenhum quiz correspondente encontrado
Distribuição das Pontuações
Porcentagem de Pessoas com Cada Pontuação
Percentil de Números Respondidos
Sua Pontuação Histórica
Você não jogou esse quiz